[Event "Fajr-urmia"]
[Site "urmia"]
[Date "2015.02.20"]
[Round "4.4"]
[White "Guliev, Logman"]
[Black "Firouzja, Alireza"]
[Result "1-0"]
[LiveChessVersion "1.4.4"]
[BlackElo "2305"]
[WhiteElo "2389"]

1. e4 {[%clk 1:30:15]} c5 {[%clk 1:30:02]} 2. Nf3 {[%clk 1:30:38]} d6
{[%clk 1:30:23]} 3. d4 {[%clk 1:31:04]} cxd4 {[%clk 1:30:16]} 4. Nxd4
{[%clk 1:31:31]} Nf6 {[%clk 1:31:06]} 5. Nc3 {[%clk 1:31:57]} a6 {[%clk 1:31:30]}
6. Bc4 {[%clk 1:32:20]} e6 {[%clk 1:31:41]} 7. Bb3 {[%clk 1:32:31]} b5
{[%clk 1:32:05]} 8. O-O {[%clk 1:32:50]} Be7 {[%clk 1:30:12]} 9. Be3
{[%clk 1:16:51]} O-O {[%clk 1:29:00]} 10. f3 {[%clk 1:08:56]} Bb7
{[%clk 1:26:01]} 11. Qe2 {[%clk 1:08:27]} Nbd7 {[%clk 1:25:50]} 12. Rfd1
{[%clk 1:07:57]} Qc7 {[%clk 1:25:40]} 13. a3 {[%clk 1:05:47]} Rac8
{[%clk 1:22:46]} 14. Qf2 {[%clk 0:56:44]} Ne5 {[%clk 1:08:18]} 15. Qg3
{[%clk 0:56:43]} Qb8 {[%clk 1:06:27]} 16. Bh6 {[%clk 0:51:58]} Ng6
{[%clk 1:05:34]} 17. Be3 {[%clk 0:49:11]} Rfd8 {[%clk 0:56:13]} 18. Rd2
{[%clk 0:41:55]} Qa8 {[%clk 0:35:41]} 19. Rad1 {[%clk 0:41:30]} Rd7
{[%clk 0:32:16]} 20. Nce2 {[%clk 0:37:39]} Rcd8 {[%clk 0:29:43]} 21. Kh1
{[%clk 0:30:27]} Bxe4 {[%clk 0:25:39]} 22. Nxe6 {[%clk 0:27:35]} fxe6
{[%clk 0:23:25]} 23. Bxe6+ {[%clk 0:28:02]} Kh8 {[%clk 0:23:38]} 24. Bxd7
{[%clk 0:28:21]} Rxd7 {[%clk 0:22:47]} 25. fxe4 {[%clk 0:28:04]} Nxe4
{[%clk 0:22:12]} 26. Qh3 {[%clk 0:28:17]} Bg5 {[%clk 0:15:53]} 27. Rd5
{[%clk 0:24:11]} Re7 28. Bg1 {[%clk 0:20:42]} Ne5 {[%clk 0:14:46]} 29. Nc3
{[%clk 0:19:58]} Nf6 {[%clk 0:11:38]} 30. Rxd6 {[%clk 0:20:17]} Re8
{[%clk 0:12:02]} 31. Qf5 {[%clk 0:19:13]} h6 {[%clk 0:10:16]} 32. Nd5
{[%clk 0:19:04]} Nxd5 {[%clk 0:05:57]} 33. R1xd5 {[%clk 0:19:26]} Nc4
{[%clk 0:06:08]} 34. Rd7 {[%clk 0:18:48]} Bf6 {[%clk 0:04:45]} 35. Ra7
{[%clk 0:16:51]} Qb8 {[%clk 0:04:39]} 36. Rxa6 {[%clk 0:15:19]} Bxb2
{[%clk 0:04:25]} 37. Rd7 {[%clk 0:14:57]} Bc1 {[%clk 0:00:34]} 38. Rxg7
{[%clk 0:14:28]} 1-0

[Event "Fajr-urmia"]
[Site "urmia"]
[Date "2015.02.20"]
[Round "4.5"]
[White "Chighladze, Iveri"]
[Black "Bagheri, Maziar"]
[Result "1-0"]
[LiveChessVersion "1.4.4"]
[BlackElo "2188"]
[WhiteElo "2338"]

1. Nf3 {[%clk 1:24:09]} Nf6 {[%clk 1:30:40]} 2. g3 {[%clk 1:24:25]} d5
{[%clk 1:30:55]} 3. Bg2 {[%clk 1:24:49]} e6 {[%clk 1:30:39]} 4. O-O
{[%clk 1:24:52]} Be7 {[%clk 1:31:04]} 5. c4 {[%clk 1:24:31]} O-O {[%clk 1:31:27]}
6. d4 {[%clk 1:23:04]} dxc4 {[%clk 1:31:45]} 7. Ne5 {[%clk 1:22:54]} Nc6
{[%clk 1:32:07]} 8. Bxc6 {[%clk 1:13:20]} bxc6 {[%clk 1:32:30]} 9. Nxc6
{[%clk 1:13:46]} Qe8 {[%clk 1:32:41]} 10. Nxe7+ {[%clk 1:13:00]} Qxe7
{[%clk 1:33:09]} 11. Nd2 {[%clk 1:12:13]} Rd8 {[%clk 1:26:50]} 12. Qc2
{[%clk 1:09:01]} Rxd4 {[%clk 1:22:45]} 13. Nxc4 {[%clk 1:07:57]} Ba6
{[%clk 1:17:06]} 14. Na5 {[%clk 1:05:49]} Qe8 {[%clk 1:06:00]} 15. a4
{[%clk 0:56:06]} Nd5 {[%clk 0:59:19]} 16. b3 {[%clk 0:52:02]} Rd8
{[%clk 0:49:52]} 17. Ba3 {[%clk 0:37:01]} Nf6 {[%clk 0:41:11]} 18. Rfd1
{[%clk 0:26:05]} Rxd1+ {[%clk 0:39:59]} 19. Rxd1 {[%clk 0:26:32]} Rxd1+
{[%clk 0:40:22]} 20. Qxd1 {[%clk 0:26:28]} Nd5 {[%clk 0:40:45]} 21. Qc2
{[%clk 0:21:03]} f5 {[%clk 0:38:23]} 22. Bc5 {[%clk 0:21:00]} Qh5
{[%clk 0:36:25]} 23. f3 {[%clk 0:20:50]} f4 {[%clk 0:33:54]} 24. b4
{[%clk 0:20:30]} fxg3 {[%clk 0:19:26]} 25. hxg3 {[%clk 0:20:54]} Qe5
{[%clk 0:19:35]} 26. Kf2 {[%clk 0:15:33]} Qh5 {[%clk 0:11:29]} 27. Kg2
{[%clk 0:15:32]} Qg5 {[%clk 0:08:28]} 28. Qe4 {[%clk 0:12:56]} Kf7
{[%clk 0:05:02]} 29. b5 {[%clk 0:12:12]} Bc8 {[%clk 0:04:20]} 30. Bxa7
{[%clk 0:12:03]} Qf5 {[%clk 0:03:21]} 31. Qxf5+ {[%clk 0:10:14]} exf5
{[%clk 0:03:51]} 32. Bd4 {[%clk 0:10:27]} f4 {[%clk 0:01:44]} 33. Nc6
{[%clk 0:09:46]} g5 {[%clk 0:01:33]} 34. a5 {[%clk 0:09:29]} Ne7 {[%clk 0:01:05]}
35. Nb4 {[%clk 0:08:35]} fxg3 {[%clk 0:01:13]} 36. Be5 {[%clk 0:07:42]} c5
{[%clk 0:00:51]} 37. bxc6 {[%clk 0:07:49]} Ke6 {[%clk 0:01:01]} 38. Bxg3
{[%clk 0:07:27]} Nd5 {[%clk 0:01:21]} 39. a6 {[%clk 0:07:39]} Nb6
{[%clk 0:00:47]} 40. a7 {[%clk 0:07:36]} h5 {[%clk 0:01:12]} 41. e4
{[%clk 0:07:57]} 1-0

[Event "Fajr-urmia"]
[Site "urmia"]
[Date "2015.02.20"]
[Round "4.6"]
[White "Godarz, Kasra"]
[Black "Darban, Morteza"]
[Result "0-1"]
[LiveChessVersion "1.4.4"]
[BlackElo "2334"]
[WhiteElo "2123"]

1. e4 {[%clk 1:30:32]} Nf6 {[%clk 1:30:24]} 2. e5 {[%clk 1:30:26]} Nd5
{[%clk 1:30:52]} 3. d4 {[%clk 1:30:35]} d6 {[%clk 1:31:20]} 4. Nf3
{[%clk 1:30:45]} g6 {[%clk 1:31:47]} 5. Bc4 {[%clk 1:26:34]} c6 {[%clk 1:31:59]}
6. O-O {[%clk 1:25:30]} Bg7 {[%clk 1:32:22]} 7. exd6 {[%clk 1:22:47]} Qxd6
{[%clk 1:32:48]} 8. c3 {[%clk 1:21:56]} O-O {[%clk 1:33:08]} 9. Nbd2
{[%clk 1:21:50]} Nd7 {[%clk 1:18:57]} 10. Ne4 {[%clk 1:20:21]} Qc7
{[%clk 1:19:25]} 11. Re1 {[%clk 1:17:14]} b6 {[%clk 1:15:32]} 12. Bg5
{[%clk 1:15:17]} Bb7 {[%clk 0:57:10]} 13. Qd2 {[%clk 1:08:38]} Rfe8
{[%clk 0:57:39]} 14. Bb3 {[%clk 1:02:32]} Rad8 {[%clk 0:57:23]} 15. c4
{[%clk 1:00:00]} N5f6 {[%clk 0:57:50]} 16. Nxf6+ {[%clk 0:57:17]} Nxf6
{[%clk 0:57:55]} 17. Bf4 {[%clk 0:57:27]} Qc8 {[%clk 0:52:02]} 18. Be5
{[%clk 0:54:41]} c5 {[%clk 0:33:27]} 19. d5 {[%clk 0:52:58]} e6 {[%clk 0:33:47]}
20. Ba4 {[%clk 0:47:51]} Rf8 {[%clk 0:31:44]} 21. Qg5 {[%clk 0:40:26]} Nh5
{[%clk 0:32:07]} 22. Bxg7 {[%clk 0:40:08]} Nxg7 {[%clk 0:31:35]} 23. Rad1
{[%clk 0:36:13]} exd5 {[%clk 0:27:01]} 24. cxd5 {[%clk 0:36:37]} Nf5
{[%clk 0:27:25]} 25. Bb3 {[%clk 0:26:21]} c4 {[%clk 0:20:19]} 26. Bc2
{[%clk 0:26:42]} Rxd5 {[%clk 0:18:30]} 27. Rxd5 {[%clk 0:26:32]} Bxd5
{[%clk 0:18:58]} 28. Bxf5 {[%clk 0:21:12]} Qxf5 {[%clk 0:19:24]} 29. Qxf5
{[%clk 0:21:34]} gxf5 {[%clk 0:19:51]} 30. Re7 {[%clk 0:21:58]} a6
{[%clk 0:10:09]} 31. Nd4 {[%clk 0:19:49]} Rd8 {[%clk 0:10:37]} 32. f3
{[%clk 0:19:18]} b5 {[%clk 0:07:46]} 33. a3 {[%clk 0:17:19]} f4 {[%clk 0:06:55]}
34. Ne2 {[%clk 0:15:13]} Be6 {[%clk 0:05:48]} 35. Nxf4 {[%clk 0:09:06]} Rd2
{[%clk 0:06:15]} 36. Ra7 {[%clk 0:08:05]} Rxb2 {[%clk 0:06:00]} 37. Rxa6
{[%clk 0:06:14]} c3 {[%clk 0:06:24]} 38. Nd3 {[%clk 0:06:10]} Bc4
{[%clk 0:06:42]} 39. Ne1 {[%clk 0:06:00]} Re2 {[%clk 0:07:09]} 40. Kf1
{[%clk 0:06:01]} Re6+ {[%clk 0:07:37]} 0-1

[Event "Fajr-urmia"]
[Site "urmia"]
[Date "2015.02.20"]
[Round "4.7"]
[White "Gholami, Aryan"]
[Black "Khatibi, Meysam"]
[Result "1/2-1/2"]
[LiveChessVersion "1.4.4"]
[BlackElo "2168"]
[WhiteElo "2325"]

1. d4 {[%clk 1:30:57]} Nf6 {[%clk 1:22:23]} 2. Nf3 {[%clk 1:31:00]} e6
{[%clk 1:22:06]} 3. c4 {[%clk 1:30:08]} b6 {[%clk 1:22:17]} 4. g3
{[%clk 1:30:18]} Ba6 {[%clk 1:22:27]} 5. Qc2 {[%clk 1:29:08]} Bb7
{[%clk 1:16:07]} 6. Bg2 {[%clk 1:28:49]} c5 {[%clk 1:14:34]} 7. dxc5
{[%clk 1:24:13]} Bxc5 {[%clk 1:05:41]} 8. O-O {[%clk 1:24:15]} Be7
{[%clk 1:05:53]} 9. Nc3 {[%clk 1:23:33]} d6 {[%clk 1:06:11]} 10. Rd1
{[%clk 1:23:16]} O-O {[%clk 1:04:01]} 11. Bf4 {[%clk 1:16:53]} a6
{[%clk 1:03:24]} 12. Qd2 {[%clk 1:04:12]} Ne8 {[%clk 0:40:32]} 13. Rac1
{[%clk 0:39:33]} Nd7 {[%clk 0:35:27]} 14. e4 {[%clk 0:38:05]} Qc7
{[%clk 0:32:41]} 15. b3 {[%clk 0:38:00]} h6 {[%clk 0:25:13]} 16. Qe2
{[%clk 0:36:45]} Rd8 {[%clk 0:21:39]} 17. Be3 {[%clk 0:29:15]} Nef6
{[%clk 0:21:17]} 18. Nd4 {[%clk 0:28:05]} Rfe8 {[%clk 0:21:00]} 19. h3
{[%clk 0:28:06]} Nc5 {[%clk 0:18:08]} 20. Qc2 {[%clk 0:28:16]} Qb8
{[%clk 0:17:55]} 21. b4 {[%clk 0:23:46]} Ncd7 {[%clk 0:17:14]} 22. f4
{[%clk 0:22:52]} Rc8 {[%clk 0:16:22]} 23. Qd3 {[%clk 0:22:47]} Red8
{[%clk 0:16:33]} 24. Nb3 {[%clk 0:20:35]} Nh5 {[%clk 0:12:11]} 25. Bf2
{[%clk 0:20:00]} g6 {[%clk 0:11:39]} 26. Qe2 {[%clk 0:17:04]} Ng7
{[%clk 0:09:06]} 27. a3 {[%clk 0:14:49]} Qc7 {[%clk 0:07:24]} 28. Na4
{[%clk 0:15:05]} Bc6 {[%clk 0:07:12]} 29. Nb2 {[%clk 0:15:03]} Ba8
{[%clk 0:06:32]} 30. Nd4 {[%clk 0:12:04]} Bf8 {[%clk 0:04:48]} 31. Nd3
{[%clk 0:11:04]} Qb7 {[%clk 0:03:57]} 32. Bf3 {[%clk 0:10:55]} e5
{[%clk 0:03:53]} 33. Nb3 {[%clk 0:11:04]} Re8 {[%clk 0:02:24]} 34. Nd2
{[%clk 0:10:49]} h5 {[%clk 0:01:02]} 35. h4 {[%clk 0:10:26]} f5 {[%clk 0:00:37]}
36. Qf1 {[%clk 0:09:22]} Nf6 {[%clk 0:00:50]} 37. Re1 {[%clk 0:08:58]} Qc7
{[%clk 0:00:36]} 38. Qg2 {[%clk 0:08:21]} Ng4 {[%clk 0:00:37]} 39. Kh1
{[%clk 0:07:23]} a5 {[%clk 0:00:40]} 40. Bg1 {[%clk 0:07:33]} Be7
{[%clk 0:00:33]} 41. Nf1 {[%clk 0:04:18]} 1/2-1/2

[Event "Fajr-urmia"]
[Site "urmia"]
[Date "2015.02.20"]
[Round "4.10"]
[White "Hosseinzadeh, Nima"]
[Black "Shakiba, Behrooz"]
[Result "1/2-1/2"]
[LiveChessVersion "1.4.4"]
[BlackElo "2001"]
[WhiteElo "2192"]

1. e4 {[%clk 1:23:39]} e6 {[%clk 1:30:39]} 2. d4 {[%clk 1:24:01]} d5
{[%clk 1:31:02]} 3. Nd2 {[%clk 1:24:21]} Nf6 {[%clk 1:31:14]} 4. e5
{[%clk 1:24:43]} Nfd7 {[%clk 1:31:35]} 5. Bd3 {[%clk 1:25:11]} c5
{[%clk 1:31:58]} 6. c3 {[%clk 1:25:31]} Nc6 {[%clk 1:32:20]} 7. Ne2
{[%clk 1:25:55]} cxd4 {[%clk 1:32:34]} 8. cxd4 {[%clk 1:26:22]} Qb6
{[%clk 1:32:50]} 9. Nf3 {[%clk 1:26:46]} f6 {[%clk 1:32:52]} 10. exf6
{[%clk 1:27:07]} Nxf6 {[%clk 1:33:15]} 11. O-O {[%clk 1:27:26]} Bd6
{[%clk 1:33:27]} 12. b3 {[%clk 1:27:36]} O-O {[%clk 1:33:17]} 13. Bf4
{[%clk 1:27:28]} Ba3 {[%clk 1:24:56]} 14. Qd2 {[%clk 1:23:34]} Nb4
{[%clk 1:18:50]} 15. Ng3 {[%clk 0:29:57]} Nxd3 {[%clk 1:00:24]} 16. Qxd3
{[%clk 0:30:25]} Bd7 {[%clk 1:00:27]} 17. Rfd1 {[%clk 0:30:45]} Bb5
{[%clk 0:57:51]} 18. Qe3 {[%clk 0:30:55]} Ng4 {[%clk 0:57:24]} 19. Qd2
{[%clk 0:31:23]} a5 {[%clk 0:49:32]} 20. Be5 {[%clk 0:29:30]} h6 {[%clk 0:45:03]}
21. h3 {[%clk 0:25:28]} Bb4 {[%clk 0:40:07]} 22. Qb2 {[%clk 0:27:56]} Rxf3
{[%clk 0:39:11]} 23. gxf3 {[%clk 0:26:14]} Nxe5 {[%clk 0:39:33]} 24. dxe5
{[%clk 0:26:38]} Rf8 {[%clk 0:39:41]} 25. Kg2 {[%clk 0:24:15]} Bc6
{[%clk 0:39:41]} 26. Qe2 {[%clk 0:23:45]} d4 {[%clk 0:39:51]} 27. Ne4
{[%clk 0:24:00]} Qc7 {[%clk 0:35:58]} 28. Qc4 {[%clk 0:21:08]} Qf7
{[%clk 0:32:41]} 29. Qe2 {[%clk 0:16:37]} Bc3 {[%clk 0:29:09]} 30. Rac1
{[%clk 0:16:23]} Qf5 {[%clk 0:28:54]} 31. Rxc3 {[%clk 0:13:43]} dxc3
{[%clk 0:29:04]} 32. Re1 {[%clk 0:11:09]} c2 {[%clk 0:28:47]} 33. Qe3
{[%clk 0:10:30]} Qxe5 {[%clk 0:28:29]} 34. Rc1 Qb2 {[%clk 0:24:07]} 35. Qd2
{[%clk 0:10:57]} Qxa2 {[%clk 0:20:27]} 36. Qxc2 {[%clk 0:11:24]} Qxc2
{[%clk 0:20:15]} 37. Rxc2 {[%clk 0:11:52]} Bd5 {[%clk 0:20:31]} 38. Rc7
{[%clk 0:11:03]} b5 {[%clk 0:17:19]} 39. Rc5 {[%clk 0:10:18]} Bxb3
{[%clk 0:14:54]} 40. Rxb5 {[%clk 0:10:45]} Bd1 {[%clk 0:14:16]} 41. Nd2
{[%clk 0:10:48]} Ra8 {[%clk 0:13:59]} 42. Nb1 {[%clk 0:09:21]} a4
{[%clk 0:14:05]} 43. Rb2 {[%clk 0:06:29]} Kf7 {[%clk 0:12:49]} 44. Rd2
{[%clk 0:06:38]} Bb3 {[%clk 0:13:02]} 45. Na3 {[%clk 0:07:07]} Ra5
{[%clk 0:12:48]} 46. Kg3 {[%clk 0:06:23]} Rd5 {[%clk 0:13:01]} 47. Re2
{[%clk 0:06:05]} Rd3 {[%clk 0:12:43]} 48. Re3 {[%clk 0:06:33]} Rd1
{[%clk 0:12:14]} 49. Rc3 {[%clk 0:06:12]} Ra1 {[%clk 0:11:31]} 50. Nc4
{[%clk 0:05:12]} Bxc4 {[%clk 0:11:30]} 51. Rxc4 {[%clk 0:05:40]} a3
{[%clk 0:11:42]} 52. Ra4 {[%clk 0:06:02]} Kf6 {[%clk 0:11:54]} 53. Ra5
{[%clk 0:06:19]} a2 {[%clk 0:12:05]} 54. Kg2 {[%clk 0:06:40]} g5 {[%clk 0:12:18]}
55. Kh2 {[%clk 0:07:02]} e5 {[%clk 0:12:36]} 56. Kg2 {[%clk 0:07:19]} Kf5
{[%clk 0:12:55]} 57. Ra6 {[%clk 0:07:14]} h5 {[%clk 0:12:52]} 58. Kh2
{[%clk 0:07:34]} e4 {[%clk 0:11:35]} 59. fxe4+ {[%clk 0:07:50]} Kxe4
{[%clk 0:11:50]} 60. Kg2 {[%clk 0:08:15]} Kd3 {[%clk 0:10:58]} 61. Ra7
{[%clk 0:08:28]} Kc4 {[%clk 0:10:59]} 62. Ra8 {[%clk 0:08:52]} Kd4
{[%clk 0:09:54]} 63. Ra7 {[%clk 0:09:09]} Ke4 {[%clk 0:10:13]} 64. Ra8
{[%clk 0:09:31]} Kf4 {[%clk 0:09:17]} 65. Ra7 {[%clk 0:09:35]} g4
{[%clk 0:09:30]} 66. Ra4+ {[%clk 0:08:50]} Kg5 {[%clk 0:09:26]} 67. hxg4
{[%clk 0:09:18]} hxg4 {[%clk 0:08:43]} 68. Ra5+ {[%clk 0:09:39]} Kf4
{[%clk 0:08:58]} 69. Ra4+ {[%clk 0:10:03]} Ke5 {[%clk 0:08:46]} 70. Ra5+
{[%clk 0:10:18]} Kd4 {[%clk 0:08:47]} 71. Ra8 {[%clk 0:10:44]} Kc3
{[%clk 0:08:53]} 72. Rc8+ {[%clk 0:11:09]} Kb4 {[%clk 0:09:10]} 73. Rb8+
{[%clk 0:11:36]} 1/2-1/2

[Event "Fajr-urmia"]
[Site "urmia"]
[Date "2015.02.21"]
[Round "5.1"]
[White "Mirzoev, Azer"]
[Black "Guliev, Logman"]
[Result "1/2-1/2"]
[LiveChessVersion "1.4.4"]
[BlackElo "2389"]
[WhiteElo "2556"]

1. c4 {[%clk 1:26:48]} Nf6 {[%clk 1:30:43]} 2. Nc3 {[%clk 1:27:06]} g6
{[%clk 1:29:15]} 3. d4 {[%clk 1:27:06]} Bg7 {[%clk 1:29:35]} 4. e4
{[%clk 1:27:30]} d6 {[%clk 1:29:52]} 5. Be2 {[%clk 1:25:39]} O-O {[%clk 1:27:07]}
6. Nf3 {[%clk 1:23:40]} e5 {[%clk 1:24:21]} 7. O-O {[%clk 1:23:49]} exd4
{[%clk 1:21:12]} 8. Nxd4 {[%clk 1:24:11]} Re8 {[%clk 1:21:05]} 9. f3
{[%clk 1:22:55]} Nc6 {[%clk 1:19:12]} 10. Nc2 {[%clk 1:21:19]} Nh5
{[%clk 1:17:32]} 11. g4 {[%clk 1:19:06]} Be5 {[%clk 1:15:07]} 12. gxh5
{[%clk 1:13:09]} Bxh2+ {[%clk 1:15:18]} 13. Kxh2 {[%clk 1:12:09]} Qh4+
{[%clk 1:15:34]} 14. Kg1 {[%clk 1:11:45]} Qg3+ {[%clk 1:15:32]} 15. Kh1
{[%clk 1:12:09]} Qh3+ {[%clk 1:15:49]} 16. Kg1 {[%clk 1:12:31]} Qg3+
{[%clk 1:16:12]} 17. Kh1 {[%clk 1:12:55]} Re5 {[%clk 1:16:24]} 18. f4
{[%clk 1:09:01]} Qh3+ {[%clk 1:16:21]} 19. Kg1 {[%clk 1:09:23]} Qg3+
{[%clk 1:14:29]} 1/2-1/2

[Event "Fajr-urmia"]
[Site "urmia"]
[Date "2015.02.21"]
[Round "5.2"]
[White "Starostits, Ilmars"]
[Black "Chighladze, Iveri"]
[Result "0-1"]
[LiveChessVersion "1.4.4"]
[BlackElo "2338"]
[WhiteElo "2454"]

1. e4 {[%clk 1:30:57]} Nf6 {[%clk 1:30:43]} 2. e5 {[%clk 1:31:21]} Nd5
{[%clk 1:31:09]} 3. d4 {[%clk 1:31:42]} d6 {[%clk 1:31:35]} 4. Nf3
{[%clk 1:32:06]} g6 {[%clk 1:31:55]} 5. Bc4 {[%clk 1:31:57]} Nb6 {[%clk 1:32:20]}
6. Bb3 {[%clk 1:31:26]} Bg7 {[%clk 1:32:44]} 7. Ng5 {[%clk 1:31:14]} d5
{[%clk 1:33:08]} 8. f4 {[%clk 1:30:34]} f6 {[%clk 1:31:25]} 9. exf6
{[%clk 1:24:06]} exf6 {[%clk 1:31:37]} 10. Qe2+ {[%clk 1:24:33]} Qe7
{[%clk 1:30:41]} 11. Qxe7+ {[%clk 1:24:58]} Kxe7 {[%clk 1:31:03]} 12. Nf3
{[%clk 1:25:25]} Bf5 {[%clk 1:18:41]} 13. O-O {[%clk 1:24:59]} Nc6
{[%clk 1:15:09]} 14. Nc3 {[%clk 1:20:57]} Rhd8 {[%clk 0:57:41]} 15. Re1+
{[%clk 1:20:38]} Kf8 {[%clk 0:57:26]} 16. h3 {[%clk 0:57:48]} Nb4
{[%clk 0:45:57]} 17. Re2 {[%clk 0:54:28]} Re8 {[%clk 0:44:39]} 18. Rf2
{[%clk 0:53:36]} Rad8 {[%clk 0:42:21]} 19. g4 {[%clk 0:48:54]} Be4
{[%clk 0:41:33]} 20. f5 {[%clk 0:49:21]} gxf5 {[%clk 0:35:58]} 21. Bf4
{[%clk 0:49:41]} Rd7 {[%clk 0:32:24]} 22. Nh4 {[%clk 0:46:53]} fxg4
{[%clk 0:32:40]} 23. hxg4 {[%clk 0:45:28]} Bg6 {[%clk 0:30:58]} 24. Raf1
{[%clk 0:39:17]} Nc6 {[%clk 0:30:02]} 25. Ne2 {[%clk 0:28:59]} Rde7
{[%clk 0:27:55]} 26. Ng3 {[%clk 0:27:08]} Nxd4 {[%clk 0:28:01]} 27. c3
{[%clk 0:25:28]} Nxb3 {[%clk 0:23:08]} 28. axb3 {[%clk 0:25:55]} Bd3
{[%clk 0:22:20]} 29. Rd1 {[%clk 0:26:02]} Re1+ {[%clk 0:22:42]} 30. Rxe1
{[%clk 0:26:29]} Rxe1+ {[%clk 0:23:06]} 31. Kh2 {[%clk 0:26:57]} c6
{[%clk 0:21:53]} 32. g5 {[%clk 0:25:26]} Nd7 {[%clk 0:21:50]} 33. Nf3
{[%clk 0:21:21]} Re8 {[%clk 0:21:26]} 34. Nd4 {[%clk 0:20:19]} Kg8
{[%clk 0:20:26]} 35. Nh5 {[%clk 0:18:39]} Bg6 {[%clk 0:12:58]} 36. Nxg7
{[%clk 0:18:38]} Kxg7 {[%clk 0:13:26]} 37. b4 {[%clk 0:18:53]} Re1
{[%clk 0:12:48]} 38. gxf6+ {[%clk 0:17:49]} Nxf6 {[%clk 0:13:16]} 39. Bh6+
{[%clk 0:18:14]} Kxh6 {[%clk 0:13:16]} 40. Rxf6 {[%clk 0:18:40]} Kg5
{[%clk 0:10:27]} 41. Re6 {[%clk 0:19:06]} Rxe6 {[%clk 0:06:26]} 42. Nxe6+
{[%clk 0:19:32]} Kf5 {[%clk 0:06:48]} 43. Nd8 {[%clk 0:19:58]} Ke4
{[%clk 0:07:10]} 44. Nxb7 {[%clk 0:20:22]} Kd3 {[%clk 0:07:31]} 45. Nd6
{[%clk 0:14:54]} a6 {[%clk 0:05:43]} 46. Kg3 {[%clk 0:13:33]} Kc2
{[%clk 0:04:44]} 47. Kf4 {[%clk 0:12:24]} Kxb2 {[%clk 0:04:45]} 48. c4
{[%clk 0:12:50]} dxc4 {[%clk 0:04:52]} 49. Nxc4+ {[%clk 0:13:16]} Kc3
{[%clk 0:05:12]} 50. Ne5 {[%clk 0:11:15]} Be8 {[%clk 0:05:36]} 51. Ke4
{[%clk 0:11:42]} Kxb4 {[%clk 0:05:58]} 52. Kd4 {[%clk 0:12:09]} c5+
{[%clk 0:06:07]} 53. Kd5 {[%clk 0:12:23]} Bb5 {[%clk 0:05:54]} 54. Kd4 0-1

[Event "Fajr-urmia"]
[Site "urmia"]
[Date "2015.02.21"]
[Round "5.3"]
[White "Darban, Morteza"]
[Black "Asgarizadeh, Ahmad"]
[Result "1-0"]
[LiveChessVersion "1.4.4"]
[BlackElo "2424"]
[WhiteElo "2334"]

1. Nf3 {[%clk 1:30:21]} d5 {[%clk 1:29:30]} 2. c4 {[%clk 1:29:21]} dxc4
{[%clk 1:29:08]} 3. e3 {[%clk 1:29:43]} Bg4 {[%clk 1:29:15]} 4. Bxc4
{[%clk 1:29:31]} e6 {[%clk 1:29:40]} 5. Qb3 {[%clk 1:24:31]} Bxf3
{[%clk 1:28:43]} 6. gxf3 {[%clk 1:25:00]} Qc8 {[%clk 1:29:06]} 7. d4
{[%clk 1:20:45]} Nf6 {[%clk 1:28:22]} 8. Nc3 {[%clk 1:18:29]} c6 {[%clk 1:25:36]}
9. e4 {[%clk 1:14:20]} Nbd7 {[%clk 1:12:29]} 10. Be3 {[%clk 1:13:36]} Qc7
{[%clk 1:06:50]} 11. f4 {[%clk 1:03:00]} Nb6 {[%clk 0:53:40]} 12. Bd3
{[%clk 0:57:11]} g6 {[%clk 0:51:12]} 13. a4 {[%clk 0:56:11]} Bh6 {[%clk 0:44:19]}
14. a5 {[%clk 0:51:00]} Nbd7 {[%clk 0:44:34]} 15. e5 {[%clk 0:34:58]} Nh5
{[%clk 0:42:59]} 16. Ne4 {[%clk 0:35:26]} O-O {[%clk 0:41:42]} 17. f5
{[%clk 0:34:33]} Bxe3 {[%clk 0:36:29]} 18. fxe3 {[%clk 0:34:45]} exf5
{[%clk 0:33:54]} 19. Nd6 {[%clk 0:35:02]} Qd8 {[%clk 0:27:29]} 20. O-O-O
{[%clk 0:31:06]} Qxa5 {[%clk 0:22:19]} 21. Bxf5 {[%clk 0:28:46]} Nxe5
{[%clk 0:18:33]} 22. dxe5 {[%clk 0:28:31]} Qxe5 {[%clk 0:19:01]} 23. Nxf7
{[%clk 0:25:35]} Qc5+ {[%clk 0:19:19]} 24. Bc2 {[%clk 0:25:03]} Nf6
{[%clk 0:12:36]} 25. Ng5+ {[%clk 0:22:49]} 1-0

[Event "Fajr-urmia"]
[Site "urmia"]
[Date "2015.02.21"]
[Round "5.4"]
[White "Idani, Pouya"]
[Black "Gholami, Aryan"]
[Result "1-0"]
[LiveChessVersion "1.4.4"]
[BlackElo "2325"]
[WhiteElo "2496"]

1. e4 {[%clk 1:30:51]} c5 {[%clk 1:30:39]} 2. Nf3 {[%clk 1:31:16]} e6
{[%clk 1:30:59]} 3. d4 {[%clk 1:31:41]} cxd4 {[%clk 1:31:10]} 4. Nxd4
{[%clk 1:32:05]} a6 {[%clk 1:31:30]} 5. Bd3 {[%clk 1:32:29]} Qc7 {[%clk 1:31:52]}
6. O-O {[%clk 1:32:52]} Nf6 {[%clk 1:31:35]} 7. Qe2 {[%clk 1:33:17]} d6
{[%clk 1:30:30]} 8. c4 {[%clk 1:33:41]} Nc6 {[%clk 1:29:45]} 9. Nf3
{[%clk 1:30:58]} Be7 {[%clk 1:29:45]} 10. Nc3 {[%clk 1:31:22]} O-O
{[%clk 1:28:17]} 11. h3 {[%clk 1:31:37]} b6 {[%clk 1:27:38]} 12. Be3
{[%clk 1:30:00]} Bb7 {[%clk 1:27:37]} 13. Rac1 {[%clk 1:30:25]} Ne5
{[%clk 1:16:50]} 14. Nd2 {[%clk 1:20:14]} Nxd3 {[%clk 1:12:38]} 15. Qxd3
{[%clk 1:20:39]} Rac8 {[%clk 1:12:48]} 16. Qe2 {[%clk 1:16:24]} Ba8 17. f4
{[%clk 1:14:35]} Qb7 {[%clk 1:05:52]} 18. a4 {[%clk 1:13:32]} Nd7
{[%clk 0:54:11]} 19. Bd4 {[%clk 1:09:01]} Bf6 {[%clk 0:54:07]} 20. Nf3
{[%clk 1:03:40]} Bxd4+ {[%clk 0:53:58]} 21. Nxd4 {[%clk 1:04:02]} Nf6
{[%clk 0:54:06]} 22. Rfe1 {[%clk 1:01:52]} Rfd8 {[%clk 0:53:47]} 23. f5
{[%clk 1:00:21]} e5 {[%clk 0:49:58]} 24. Nf3 {[%clk 0:57:10]} Qc7
{[%clk 0:48:53]} 25. Nd2 {[%clk 0:56:26]} Qc5+ {[%clk 0:47:58]} 26. Qe3
{[%clk 0:55:03]} Kf8 {[%clk 0:44:54]} 27. Rb1 {[%clk 0:50:24]} Ke7
{[%clk 0:41:48]} 28. b4 {[%clk 0:45:38]} Qxe3+ {[%clk 0:41:50]} 29. Rxe3
{[%clk 0:46:04]} h5 {[%clk 0:39:09]} 30. Kf2 {[%clk 0:41:40]} h4 {[%clk 0:32:26]}
31. Ra1 {[%clk 0:41:10]} Rb8 {[%clk 0:29:27]} 32. Ree1 {[%clk 0:34:36]} Nh5
{[%clk 0:26:11]} 33. Nf1 {[%clk 0:34:48]} Nf4 {[%clk 0:25:32]} 34. Red1
{[%clk 0:34:42]} Nh5 {[%clk 0:18:31]} 35. Ne3 {[%clk 0:30:15]} Nf6
{[%clk 0:18:50]} 36. Kf3 {[%clk 0:30:38]} Rdc8 {[%clk 0:17:54]} 37. Rd2
{[%clk 0:27:33]} Rc7 {[%clk 0:16:00]} 38. Rad1 {[%clk 0:25:42]} Rd8
{[%clk 0:10:10]} 39. Ncd5+ {[%clk 0:25:53]} Bxd5 {[%clk 0:10:24]} 40. Rxd5
{[%clk 0:26:20]} Nxd5 {[%clk 0:07:23]} 41. Nxd5+ {[%clk 0:26:44]} Kd7
{[%clk 0:07:49]} 42. Nxb6+ {[%clk 0:24:33]} Ke8 {[%clk 0:08:03]} 43. Rd5
{[%clk 0:20:04]} Rc6 {[%clk 0:06:45]} 44. a5 {[%clk 0:20:30]} Rb8
{[%clk 0:05:46]} 45. c5 {[%clk 0:19:32]} f6 {[%clk 0:05:11]} 46. Rxd6
{[%clk 0:18:57]} Rxd6 {[%clk 0:05:10]} 47. cxd6 {[%clk 0:19:22]} Rd8
{[%clk 0:04:30]} 48. d7+ {[%clk 0:17:48]} Ke7 {[%clk 0:04:55]} 49. b5
{[%clk 0:18:15]} axb5 {[%clk 0:05:02]} 50. a6 {[%clk 0:18:42]} b4
{[%clk 0:05:06]} 51. a7 {[%clk 0:19:10]} b3 {[%clk 0:03:21]} 52. Nc8+
{[%clk 0:19:37]} Kxd7 {[%clk 0:03:40]} 53. a8=Q {[%clk 0:20:01]} Ke8 1-0